书目信息 |
| 题名: |
建设工程计量与计价实务
|
|
| 作者: | 陆惠民 主编 | |
| 分册: | 土木建筑工程 | |
| 出版信息: | 北京 中国城市出版社 2021.6 |
|
| 页数: | 371页 | |
| 开本: | 26cm | |
| 丛书名: | 全国二级造价工程师职业资格考试培训教材 | |
| 单 册: | ||
| 中图分类: | TU723.3 | |
| 科图分类: | ||
| 主题词: | 建筑工程--jian zhu gong cheng--计量--资格考试--教材 , 建筑造价--jian zhu zao jia--资格考试--教材 , 土木工程--tu mu gong cheng--建筑造价管理--资格考试--教材 | |
| 电子资源: | ||
| ISBN: | 978-7-5074-3376-0 | |
| 000 | 01436nam 2200325 450 | |
| 001 | 202021191752 | |
| 005 | 20211025120130.0 | |
| 010 | @a978-7-5074-3376-0@dCNY88.00 | |
| 100 | @a20210919d2021 em y0chiy50 ea | |
| 101 | 0 | @achi |
| 102 | @aCN@b110000 | |
| 105 | @aak a 000yy | |
| 106 | @ar | |
| 200 | 1 | @a建设工程计量与计价实务@Ajian she gong cheng ji liang yu ji jia shi wu@i土木建筑工程 |
| 210 | @a北京@c中国城市出版社@c中国城市出版社@d2021.6 | |
| 215 | @a371页@c图@d26cm | |
| 225 | 2 | @a全国二级造价工程师职业资格考试培训教材@Aquan guo er ji zao jia gong cheng shi zhi ye zi ge kao shi pei xun jiao cai |
| 300 | @a2021版 | |
| 314 | @a书内题: 陆惠民主编 | |
| 320 | @a有书目 (第371页) | |
| 330 | @a本书包括建设工程计量与计价实务的专业基础知识、工程计量和工程计价。主要内容包括: 工业与民用建筑工程的分类、组成及构造、土建工程常用材料的分类、基本性能及用途、土建工程主要施工工艺与方法、土建工程常用施工机械的类型及应用、土建工程施工组织设计的编制原理、内容及方法等。 | |
| 410 | 0 | @12001 @a全国二级造价工程师职业资格考试培训教材 |
| 517 | 1 | @a土木建筑工程@Atu mu jian zhu gong cheng |
| 606 | 0 | @a建筑工程@Ajian zhu gong cheng@x计量@x资格考试@j教材 |
| 606 | 0 | @a建筑造价@Ajian zhu zao jia@x资格考试@j教材 |
| 606 | 0 | @a土木工程@Atu mu gong cheng@x建筑造价管理@x资格考试@j教材 |
| 690 | @aTU723.3@v5 | |
| 701 | 0 | @a陆惠民@Alu hui min@4主编 |
| 801 | 0 | @aCN@c20210909 |
| 905 | @a河南城建学院图书馆@dTU723.3@eL844 | |
| 建设工程计量与计价实务.土木建筑工程.-北京:中国城市出版社:中国城市出版社,2021.6 |
| 371页:图;26cm.-(全国二级造价工程师职业资格考试培训教材) |
| 2021版 |
| ISBN 978-7-5074-3376-0:CNY88.00 |
| 本书包括建设工程计量与计价实务的专业基础知识、工程计量和工程计价。主要内容包括: 工业与民用建筑工程的分类、组成及构造、土建工程常用材料的分类、基本性能及用途、土建工程主要施工工艺与方法、土建工程常用施工机械的类型及应用、土建工程施工组织设计的编制原理、内容及方法等。 |
| ● |
| 相关链接 |
|
|
|
正题名:建设工程计量与计价实务
索取号:TU723.3/L844
 
预约/预借
| 序号 | 登录号 | 条形码 | 馆藏地/架位号 | 状态 | 备注 |
| 1 | 1540557 | 215405577 | 建筑库201/201建筑库 36排1列5层/ [索取号:TU723.3/L844] | 在馆 | |
| 2 | 1540558 | 215405586 | 建筑库201/201建筑库 36排1列5层/ [索取号:TU723.3/L844] | 在馆 |